Score 0/20 Timer 02:00
1 Play Today
Title Missing Word % Correct
Catch Me If You _____Can
97.3%
_____ FictionPulp
88.8%
_____ CrashersWedding
82.9%
Batman _____Returns
74.2%
The _____ WivesStepford
58.9%
The _____ HunterDeer
58.4%
_____ of FuryBalls
57.5%
____ DirtJoe
56.6%
_____ on FireMan
53.9%
Annie _____Hall
52.9%
Title Missing Word % Correct
A View to a _____Kill
52.9%
Things To Do In Denver When You're _____Dead
44.5%
Excess _____Baggage
26.7%
The Dogs of _____War
22.8%
_____ of New YorkKing
12.9%
Next Stop, _____ VillageGreenwich
11.5%
_____ BluesBiloxi
7.7%
Romance and _____Cigarettes
4.3%
The _____ HeistMaiden
2.5%
Day of _____Atonement
1.3%

Today's Daily Dose

Remove Ads.
Support Sporcle.
Get the best of Sporcle when you Go Orange. This ad-free experience offers more features, more stats, and more fun while also helping to support Sporcle. Thank you for becoming a member.

You're not logged in!

Compare scores with friends on all Sporcle quizzes.
OR
Log In

Show Comments

Extras

Top Quizzes Today


Score Distribution

Your Account Isn't Verified!

In order to create a playlist on Sporcle, you need to verify the email address you used during registration. Go to your Sporcle Settings to finish the process.

Report this User

Report this user for behavior that violates our Community Guidelines.

Details: